The Beatles - Revolver - Statistics

General Stats
  • This quiz has been taken 14 times
  • The average score is 13 of 14
Answer Stats
# Song % Correct
11 Doctor Robert
100%
2 Eleanor Rigby
100%
1 Taxman
100%
14 Tomorrow Never Knows
100%
10 For No One
93%
8 Good Day Sunshine
93%
13 Got to Get You Into My Life
93%
9 And Your Bird Can Sing
86%
5 Here, There and Everywhere
86%
3 I'm Only Sleeping
86%
12 I Want to Tell You
86%
4 Love You To
86%
7 She Said She Said
86%
6 Yellow Submarine
86%
No matching quizzes found
Score Distribution
Percent of People with Each Score
Percentile by Number Answered
Your Score History
You have not taken this quiz